| 000 | 00677nam a22001937a 4500 | ||
|---|---|---|---|
| 999 |
_c182546 _d182546 |
||
| 005 | 20211122120029.0 | ||
| 010 | _aUR-11334 | ||
| 020 |
_c250.00 _a9789390789146 |
||
| 035 | _aU-9889 | ||
| 037 | _bDBAD/PUB | ||
| 082 | _a841 | ||
| 100 | _aسيد حسين ا حمد جيلا نی | ||
| 245 |
_aفيصلہ د ل کا (شعر ی مجمو عہ) _cسيد حسين ا حمد جيلا نی |
||
| 246 |
_aFaisla Dil Ka (Urdu) _bby Syed Haseen Ahmad Jeelani |
||
| 260 |
_aN.Delhi _c2021 ء _bEducational Publishing House |
||
| 270 |
_aD1/16,Ansari Road,Darya Ganj, _bNew Delhi _e110002 _l - |
||
| 300 |
_a144 ص _c22 Cm(Hb) |
||
| 942 |
_2ddc _cUR _h841 _mج ی ل |
||